000 00585nam a2200181 i 4500
001 32555
003 ES-MaACL
007 t|
008 030131s1974 sp ||||1| spa d
020 _a84-290-1214-1
100 1 _aBeristain, Antonio.
_928031
245 1 0 _aMedidas penales en Derecho contemporáneo
_b: (teoría, legislación positiva y realización práctica) /
_cAntonio Beristain.
260 _aMadrid :
_bReus,
_c1974.
300 _a436 p. ;
_c22 cm.
504 _aBibliografía : p. 427-434.
852 _aES-MaACL
_jL-9838
_bR.111708
852 _aES-MaACL
_jL-6759
_bR.107892
999 _c32555
_d32555